00538nam a22002057a 4500003000500000005001700005008004100022010001000063011001000073035001000083040000900093082001600102100002100118245003000139260007600169300002900245490002200274650001400296830002200310CHAP20220817042021.0971013s1977 r 00010 d a31946 a32918 a37033 cCHAP a620.136bN400aNeville, Adam M. aTecnología del concreto aMéxico, D. F. :bInstituto Mexicano del Cemento y del Concreto,c1977 a2 v.b: ilus. ; gráfs. aNueva serie IMCYC14aConcreto.0 aNueva serie IMCYC